Population dynamics

Αποθηκεύτηκε σε:
Λεπτομέρειες βιβλιογραφικής εγγραφής
Άλλοι συγγραφείς: Cappuccino, Naomi (Επιμελητής έκδοσης), Price, Peter W.
Μορφή: Βιβλίο
Γλώσσα:English
Δημοσίευση: San Diego : Academic, 1995
Θέματα:
Ετικέτες: Προσθήκη ετικέτας
Δεν υπάρχουν, Καταχωρήστε ετικέτα πρώτοι!

MARC

LEADER 00000nam a2200000 i 4500
001 1/4534
008 960507s1995 eng d
020 |a 0-12-159270-7 
035 |l 10015656 
040 |a GR-MY-UA  |b gre  |e aacr 
041 0 |a eng 
082 0 |a 574.5248 
245 1 0 |a Population dynamics /  |c Edited by Naomi Cappuccino; Peter W. Price 
260 |a San Diego :   |b Academic,   |c 1995 
300 |a 429 p.  |b tables 
504 |a Includes bibliographical references and index 
650 0 0 |a Population biology. 
650 0 0 |a Insect populations. 
650 0 0 |a Insect pests. 
700 1 |a Cappuccino, Naomi.  |4 edt 
700 1 |a Price, Peter W. 
852 |a INST  |b LESVOS  |e 19960507  |h 574.5248 POP  |p 005100009763  |q 005100009763  |t BK  |y 0 
909 |a Λ  |b 044789 
950 |a 084/1995-10-24